Sobre el Renacimiento (Record no. 12127)

MARC details
000 -LEADER
campo de control de longitud fija 00683nam a2200229 i 4500
001 - NÚMERO DE CONTROL
campo de control 12127
003 - IDENTIFICADOR DE NÚMERO DE CONTROL
campo de control ES-MaACL
005 - FECHA Y HORA DE LA ÚLTIMA TRANSACCIÓN
campo de control 20230906150239.0
007 - CAMPO FIJO DE DESCRIPCIÓN FÍSICA--INFORMACIÓN GENERAL
campo de control de longitud fija t|
008 - DATOS DE LONGITUD FIJA--INFORMACIÓN GENERAL
campo de control de longitud fija 970414s1995 sp ||||1| spa d
020 ## - NÚMERO INTERNACIONAL ESTÁNDAR DEL LIBRO
Número Internacional Estándar del Libro 84-376-1342-6
080 ## - NÚMERO DE LA CLASIFICACIÓN DECIMAL UNIVERSAL
Número de la Clasificación Decimal Universal 72.034
100 1# - ENTRADA PRINCIPAL--NOMBRE DE PERSONA
Nombre de persona Tafuri, Manfredo.
9 (RLIN) 109061
245 10 - MENCIÓN DEL TÍTULO
Título Sobre el Renacimiento
Resto del título : principios, ciudades, arquitectos /
Mención de responsabilidad, etc. Manfredo Tafuri.
260 ## - PUBLICACIÓN, DISTRIBUCIÓN, ETC.
Lugar de publicación, distribución, etc. Madrid :
Nombre del editor, distribuidor, etc. Cátedra,
Fecha de publicación, distribución, etc. [1995]
300 ## - DESCRIPCIÓN FÍSICA
Extensión 316 p., [128] p. de lám. ;
Dimensiones 24 cm.
490 1# - MENCIÓN DE SERIE
Mención de serie Arte. Grandes temas
650 #4 - PUNTO DE ACCESO ADICIONAL DE MATERIA--TÉRMINO DE MATERIA
Término de materia o nombre geográfico como elemento de entrada Arquitectura renacentista.
9 (RLIN) 10050
830 0# - PUNTO DE ACCESO ADICIONAL DE SERIE-TÍTULO UNIFORME
Título uniforme Arte. Grandes temas
9 (RLIN) 179203
852 ## - LOCALIZACIÓN
Ubicación ES-MaACL
Número de control de estantería L-19456
Sublocalización o colección R.125284
Holdings
Estatus retirado Estado de pérdida Estado de daño No para préstamo Biblioteca de origen Biblioteca actual Ubicación en estantería Fecha de adquisición Fuente de adquisición Total de préstamos Signatura topográfica completa Código de barras Visto por última vez Precio de reemplazo Tipo de ítem Koha
        Biblioteca del Ateneo de Madrid Biblioteca del Ateneo de Madrid Depósito 2 17/01/2008     L-19456 1012356 23/02/2023 23/02/2023 Libro impreso